[Event "Ubeda op 5th"]
[Site "Ubeda"]
[Date "2000.01.23"]
[Round "5"]
[White "Maharramzade, Javad"]
[Black "Stocek, Jiri"]
[Result "1-0"]
[WhiteElo "2423"]
[BlackElo "2496"]
[PlyCount "95"]
[EventDate "2000.01.19"]
[EventType "swiss"]
[EventRounds "10"]
[EventCountry "ESP"]
[SourceTitle "CBM 075"]
[Source "ChessBase"]
[SourceDate "2000.04.05"]
[SourceVersion "1"]
[SourceVersionDate "2000.04.05"]
[SourceQuality "1"]

1. d4 Nf6 2. Nf3 b6 3. c4 Bb7 4. g3 c5 5. d5 b5 6. Bg2 g6 7. 0-0 Bg7 8. Nfd2 bxc4 9. Nxc4 0-0 10. Nc3 d6 11. Re1 Ba6 12. Na3 Nbd7 13. Nab5 Nb6 14. a4 Qd7 15. e4 Rab8 16. Bf1 Ne8 17. Bf4 Nc7 18. Qd2 Nxa4 19. Nxc7 Rxb2 20. Qc1 Bxf1 21. Nxa4 Rb4 22. Nc3 Bh3 23. Rxa7 Qg4 24. Re3 g5 25. f3 Qc8 26. Bxg5 Qb8 27. N3b5 Bd4 28. Ra8 Qxa8 29. Nxa8 Rxb5 30. Nc7 Ra5 31. g4 Ra2 32. Nb5 Ra1 33. Qxa1 Bxa1 34. Ra3 Be5 35. f4 f6 36. fxe5 Bxg4 37. exf6 exf6 38. Bf4 Rb8 39. Rg3 h5 40. h3 Rxb5 41. hxg4 hxg4 42. Rxg4+ Kf7 43. Bxd6 c4 44. Rg3 Ke8 45. Rc3 f5 46. Rxc4 fxe4 47. Bc5 e3 48. Kf1 1-0

[Event "Ubeda op 5th"]
[Site "Ubeda"]
[Date "2000.01.22"]
[Round "4"]
[White "Maharramzade, Javad"]
[Black "Fernandez Romero, Ernesto"]
[Result "1-0"]
[WhiteElo "2423"]
[BlackElo "2285"]
[PlyCount "115"]
[EventDate "2000.01.19"]
[EventType "swiss"]
[EventRounds "10"]
[EventCountry "ESP"]
[SourceTitle "CBM 075"]
[Source "ChessBase"]
[SourceDate "2000.04.05"]
[SourceVersion "1"]
[SourceVersionDate "2000.04.05"]
[SourceQuality "1"]

1. d4 Nf6 2. Nf3 e6 3. c4 Bb4+ 4. Bd2 Qe7 5. g3 Nc6 6. Nc3 Bxc3 7. Bxc3 Ne4 8. Rc1 Nxc3 9. Rxc3 d6 10. d5 Nb8 11. dxe6 fxe6 12. Bg2 0-0 13. Nd4 c6 14. 0-0 e5 15. Nc2 Rf6 16. Qd2 Na6 17. b4 Nc7 18. Rd1 Bg4 19. b5 cxb5 20. cxb5 Be6 21. Ne3 Raf8 22. Rdc1 Ne8 23. Nd5 Bxd5 24. Qxd5+ Kh8 25. Qxb7 Qe6 26. Bd5 Qh3 27. Rf3 Rxf3 28. Bxf3 Nf6 29. Qe7 Re8 30. Qxd6 e4 31. Bg2 Qh5 32. e3 Qxb5 33. Qc5 Qb2 34. Qc2 Qa3 35. Rd1 h6 36. h3 Qb4 37. Kh2 Rf8 38. Rd4 Qe1 39. Qd2 Qb1 40. Rb4 Qa1 41. Rb7 a6 42. Ra7 Qe5 43. Rxa6 Rb8 44. Ra5 Qc7 45. Ra4 Qc6 46. Ra3 h5 47. Rb3 Ra8 48. Qb2 Kh7 49. a3 h4 50. Rb6 hxg3+ 51. fxg3 Qd5 52. Qb4 Re8 53. Qb5 Qd3 54. Qg5 Qd7 55. Qb5 Qd3 56. Qf5+ Kh8 57. Rxf6 gxf6 58. Qh5+ 1-0